000 00685nab a2200229u 4500
001 23085
003 HDC
007 c| |||a|c|aaaa
008 210315b20160215my ||||| |||| 00| 0 may d
040 _aHDC
245 0 _aPremis makan wajib ada logo
336 _atext
_2rdacontent
337 _acomputer
_2rdamedia
338 _aonline resource
_2rdacarrier
650 _ahalal logo
_91692
650 _aJAKIM
_97825
710 _aBERITA HARIAN
856 _zRequest full-text at [email protected]
942 _2lcc
942 _cNEWS
942 _kNWSC 005068
999 _c20401
_d20401